000 00688nam a22001937a 4500
003 OSt
005 20251128094156.0
008 251128b |||||||| |||| 00| 0 eng d
020 _a971-42-0460-7
040 _aDWC-Main lib
_cOC
082 _aCirc. 649.8 V666 2004
100 _aViet, L.
245 _aCommunity health management manual for nursing students :
_bcommunity exposure
_cViet, Lydia C.
260 _aBulacan :
_b Trinitas Publishing, Inc.,
_c c2004
300 _a119 pages ;
_c28 cm.
504 _aIncludes bibliographical references
650 _2Community health administration
942 _2ddc
_cBK-CIRC
_hCirc. 649.8 V666 2004
_kCirc.
_n0
999 _c6546
_d6546